| 000 | 00469nam a2200169Ia 4500 | ||
|---|---|---|---|
| 999 |
_c30186 _d30186 |
||
| 003 | OSt | ||
| 005 | 20201127151132.0 | ||
| 008 | 190216s9999||||xx |||||||||||||| ||und|| | ||
| 040 | _coclc | ||
| 082 |
_a920 _bKUN/N |
||
| 100 |
_a Kunhabdulla, Punathil _96411 |
||
| 245 | 0 |
_aNashta Jathakam / _cPunathil Kunhabdulla |
|
| 260 |
_bD C Books, _c2017. _aKottayam; |
||
| 300 | _a223p | ||
| 650 | _aMalayalam | ||
| 942 |
_cBK _2ddc _h920 _iKUN/N _k920 _mKUN/N |
||